000 00951nam a2200289 i 4500
001 184176
003 ES-MaACL
005 20240507215618.0
008 150410s1969 sp |||| |bspa d
080 _a1 Marcel, Gabriel
080 _a141.32:261(04)
100 1 _aParain-Vial, Jeanne.
_9156690
245 1 0 _aGabriel Marcel /
_cJeanne Parain-Vial ; [traducción, por Enrique Molina Campos].
250 _a1ª ed.
260 _aBarcelona :
_bFontanella,
_c1969.
300 _a215 p. ;
_c17 cm.
490 1 _aTestigos del siglo XX ;
_v24
504 _aBibliografía: p. 211-215.
505 8 _aContiene: Selección de textos, p. 117-208
600 1 4 _aMarcel, Gabriel,
_d1889-1973
_9156691
650 0 7 _aExistencialismo.
_912679
700 1 _aMolina Campos, Enrique.
_981917
700 1 _aMarcel, Gabriel,
_d1889-1973
_9156691
830 1 _aTestigos del siglo XX ;
_v24
_9192049
852 _aES-MaACL
_jE-15545
999 _c184176
_d184176